| 000 | 00790cam a22002414a 4500 | ||
|---|---|---|---|
| 001 | 13474097 | ||
| 005 | 20180202072322.0 | ||
| 008 | 040130s2004 meu b 000 0 eng | ||
| 010 | _a 2004042900 | ||
| 020 | _a1571103899 (alk. paper) | ||
| 040 |
_aDLC _cDLC |
||
| 041 | _aeng | ||
| 042 | _apcc | ||
| 080 | _a370.1523 JOH | ||
| 082 | 0 | 0 |
_a370.1523 JOH _222 |
| 100 | 1 | _a47 | |
| 101 | _aEDU | ||
| 245 | 1 | 0 |
_aChoice words : _cPeter H. Johnston. |
| 504 | _aIncludes bibliographical references (p. 99-106). | ||
| 906 |
_a7 _bcbc _corignew _d1 _eocip _f20 _gy-gencatlg |
||
| 942 |
_2ddc _cBK |
||
| 999 |
_c41645 _d41645 |
||